Distributed computer control systems : proceedings of the IFAC Workshop, Tampa, Florida, U.S.A., 2-4 October 1979 /
Guardado en:
| Autores Corporativos: | , , , |
|---|---|
| Otros Autores: | |
| Formato: | Libro |
| Idioma: | English |
| Publicado: |
Oxford :
Published for the International Federation of Automatic Control by Pergamon Press,
1980.
|
| Edición: | 1st ed. |
| Series: | IFAC conference proceedings
|
| Materias: | |
| Etiquetas: |
Agregar Etiqueta
Sin Etiquetas, Sea el primero en etiquetar este registro!
|
| LEADER | 01497cam a22003135a 4500 | ||
|---|---|---|---|
| 001 | EIQ.libpla001537 | ||
| 008 | 800609s1980####enka#####b####101#0#eng#d | ||
| 005 | 20061103145455.0 | ||
| 245 | 1 | 0 | |a Distributed computer control systems : |b proceedings of the IFAC Workshop, Tampa, Florida, U.S.A., 2-4 October 1979 / |c edited by T. J. Harrison. |
| 250 | |a 1st ed. | ||
| 260 | |a Oxford : |b Published for the International Federation of Automatic Control by Pergamon Press, |c 1980. | ||
| 300 | |a xiii, 229 p. : |b il. ; |c 31 cm. | ||
| 440 | 0 | |a IFAC conference proceedings | |
| 500 | |a "Organized by the Instrument Society of America for the American Automatic Control Council; sponsored by the International Federation of Automatic Control Computer Committee." | ||
| 504 | |a Incluye referencias bibliográficas e índice. | ||
| 020 | |a 0080244904 | ||
| 111 | 2 | |a IFAC Workshop on Distributed Computer Control Systems |n (1st : |d 1979 : |c Tampa, Fla.) | |
| 700 | 1 | |a Harrison, Thomas J., |e ed. |4 edt | |
| 710 | 2 | |a Instrument Society of America. | |
| 710 | 2 | |a American Automatic Control Council. | |
| 710 | 2 | |a International Federation of Automatic Control. |b Computer Committee. | |
| 082 | 0 | 0 | |a 629.8/95 |
| 650 | 4 | |a Control automático |x Congresos. | |
| 650 | 4 | |a Control automático |x Procesamiento de datos. | |
| 650 | 4 | |a Automatic control |x Congresses. | |
| 650 | 4 | |a Automatic control |x Data processing. | |
| 010 | |a 80040561 | ||
| 040 | |a DLC |c DLC |d AR-BbSID | ||
| 859 | |a AR-BbSID |b BIB. PLAPIQUI |h 629.895 |i in 8 |p 2005 | ||
